Question Bank on Agricultural Engineering (Record no. 130)

MARC details
000 -LEADER
fixed length control field 00385nam a22001577a 4500
020 ## - INTERNATIONAL STANDARD BOOK NUMBER
International Standard Book Number 81-8360-018-2
041 ## - LANGUAGE CODE
Language code of text/sound track or separate title ENG
100 ## - MAIN ENTRY--PERSONAL NAME
Personal name Rawat .S.N
245 ## - TITLE STATEMENT
Title Question Bank on Agricultural Engineering
250 ## - EDITION STATEMENT
Edition statement fourth
260 ## - PUBLICATION, DISTRIBUTION, ETC. (IMPRINT)
Place of publication, distribution, etc New Delhi
Name of publisher, distributor, etc Balaji offset printers
Date of publication, distribution, etc 2018
300 ## - PHYSICAL DESCRIPTION
Extent 356
650 ## - SUBJECT ADDED ENTRY--TOPICAL TERM
Topical term or geographic name as entry element Competitive Exam
700 ## - ADDED ENTRY--PERSONAL NAME
Personal name Nikhade.J.S
856 ## - ELECTRONIC LOCATION AND ACCESS
Uniform Resource Identifier Competitive Exam
Holdings
Withdrawn status Lost status Source of classification or shelving scheme Damaged status Not for loan Home library Current library Date acquired Cost, normal purchase price Total Checkouts Barcode Date last seen Date checked out Price effective from Koha item type Shelving location
    Dewey Decimal Classification     College of Agricultural Engineering and Technology, Dapoli , Library College of Agricultural Engineering and Technology, Dapoli , Library 11/01/2021 250.00 15 007676 05/07/2024 24/06/2024 11/01/2021 Books  
    Dewey Decimal Classification     College of Agricultural Engineering and Technology, Dapoli , Library College of Agricultural Engineering and Technology, Dapoli , Library 11/01/2021 250.00 13 007677 14/07/2025 08/07/2025 11/01/2021 Books  
    Dewey Decimal Classification     College of Agricultural Engineering and Technology, Dapoli , Library College of Agricultural Engineering and Technology, Dapoli , Library 25/10/2021 195.00 1 007013 07/04/2026 02/04/2026 25/10/2021 Books Book Cart
    Dewey Decimal Classification     College of Agricultural Engineering and Technology, Dapoli , Library College of Agricultural Engineering and Technology, Dapoli , Library 25/10/2021 250.00   007014 25/10/2021   25/10/2021 Books Book Cart

Contact Us: College of Agricultural Engineering and Technology, Dapoli, Dist.- Ratnagiri
Website: https://dbskkv.org Email: caetlibrary2015@gmail.com